Latin Terminology Gauntlet - Statistics

General Stats
  • This quiz has been taken 18 times
  • The average score is 18 of 40
Answer Stats
Type of Speech Latin English % Correct
Noun Apis Bee
83%
Adjective Dulce Sweet
83%
Noun Pectus Chest
67%
Verb Dispello Disperse / Scatter
67%
Noun Chorus Chorus / Dance / Band
50%
Verb Cerno Discern / Perceive / Fight
50%
Noun Iustitia Equality / Righteousness / Justice
50%
Noun Vultus Face
50%
Verb Sequor Follow
50%
Noun Frux Fruit
50%
Noun Laetitia Happiness
50%
Adjective Ignavum Lazy
50%
Noun Venia Pardon / Forgiveness
50%
Noun Ius Right / Decree / Justice
50%
Verb Turbo Shake / Confuse
50%
Adverb Simul Together / At the Same Time
50%
Noun Testudino Turtle / Tortoise / Vault / Dome
50%
Noun Obtutus View
50%
Noun Turbo Whirlwind / Whirlpool
50%
Verb Colo Worship / Till / Honor
50%
Noun Ripa Bank / Shore
33%
Adjective Caecum Blind / Dark
33%
Adjective Procax Bold / Insolent
33%
Noun Fores Door / Gate
33%
Noun Fucus Drone (as in Bee)
33%
Verb Cieo Excite
33%
Noun Sors Fate / Destiny
33%
Verb Glomero Gather
33%
Verb Dissimulo Hide / Disguise
33%
Adjective Cavum Hollow
33%
Verb Insto Press On
33%
Adjective Subnixum Resting On
33%
Noun Rupes Rock / Crag / Cliff
33%
Noun Vadum Shallows / Depths
33%
Noun Praeda Spoils (of War)
33%
Adjective Nimbosum Stormy / Rainy
33%
Verb Percutio Strike / Astound
33%
Adverb Tale Such / The Following
33%
Noun Uber Udder (of a Cow)
33%
Adjective Infandum Unspeakable
33%
No matching quizzes found
Score Distribution
Percent of People with Each Score
Percentile by Number Answered
Your Score History
You have not taken this quiz